| 000 | 00597nam a2200193 i 4500 | ||
|---|---|---|---|
| 001 | 106091 | ||
| 003 | ES-MaACL | ||
| 005 | 20230906184043.0 | ||
| 007 | t| | ||
| 008 | 060926s1945 mx ||||1| spa d | ||
| 080 | _a821.134.2-4"19" | ||
| 100 | 1 |
_aUnamuno, Miguel de, _d1864-1936 _9111982 |
|
| 245 | 1 | 3 |
_aLa enormidad de España _b: comentarios / _cpor Miguel de Unamuno. |
| 260 |
_aMéxico : _bSéneca, _c[1945] |
||
| 300 |
_a263 p. ; _c18 cm. |
||
| 651 | 0 |
_aEspaña- _xCivilización- _xFilosofía. _9163323 |
|
| 852 |
_aES-MaACL _jAND-840 _z- Biblioteca Juan Andrade |
||
| 999 |
_c106091 _d106091 |
||